| 000 | 00771nam a22002297a 4500 | ||
|---|---|---|---|
| 999 |
_c744 _d744 |
||
| 003 | AR-CdUCM | ||
| 008 | 190225b ||||| |||| 00| 0 spa d | ||
| 040 |
_aMUNICIPALIDAD PROVINCIAL DEL CUSCO _cBIBLIOTECA MUNICIPAL DEL CUSCO |
||
| 041 | _hfre | ||
| 082 |
_a320.15 / _bM363 |
||
| 100 |
_aMarsal, Maurice _92850 |
||
| 245 | _aLa Autoridad / | ||
| 260 |
_aBarcelona : _bOikos-tau, _c1971. |
||
| 300 |
_a123 paginas ; _c17 cm. |
||
| 505 | _aLos aspectos principales y los tipos de autoridad -- La obediencia y el mando --Dinámica de la autoridad -- Técnica de la autoridad... | ||
| 650 |
_aObedecer y mandar _92851 |
||
| 650 |
_aCondicionadamente _92852 |
||
| 650 |
_aReglas _92853 |
||
| 650 |
_aSistemas _92854 |
||
| 942 |
_2ddc _cLIBROS |
||
| 945 |
_awnts _d2019-02-25 |
||